000 03584cam a22012014i 4500
003 PE-LiUPU
005 20250813185540.0
008 150625s r 000 0 d
020 _a842771128X
035 _a(Sirsi) i9788427711280
040 _aPE-LiUPU
_bspa
_cPE-LiUPU
_erda
049 _aPRUA
082 0 4 _a370.15
_bA246d
_223
100 1 _aAebli, Hans,
_eautor.
245 1 0 _aDoce formas básicas de enseñar :
_buna didáctica basada en la psicología /
_cHans Aebli.
250 _aSexta edición
264 1 _aMadrid :
_bNarcea,
_c2002.
300 _a350 páginas :
_bilustraciones, cuadros ;
_c24 centímetros.
336 _atext
_2rdacontent
337 _aunmediated
_2rdamedia
338 _avolume
_2rdacarrier
500 _a12 Formas básicas de enseñar: una didáctica basada en la psicología. Título en cubierta.
505 0 _aPrólogo a la edición española. -El sistema de las doce formas básicas y las tres dimensiones de la competencia didáctica. -- Primera parte enseñar por cinco medio -- Forma básica 1: Narrar y referir -- Forma básica 2: Mostrar -- Forma básica 3: Contemplar y observar -- Forma básica 4: Leer con los alumnos -- Forma básica 5: escribir y redactar textos -- Segunda parte: Acción, operación y concepto -- Forma básica 6: Elaborar un curso de acción. -Forma básica 7: Construir una operación. -Forma básica 8: Formar conceptos -- Tercera parte: Cuatro funciones en el proceso de aprendizaje -- Forma básica 9: Construcción solucionadora de problemas -- Forma básica 10: Elaborar -- Formar básica 11: Ejercitar y repetir-- Forma básica 12 Aplicar -- El puesto de las "formas básicas".
526 _aP202
526 _aP201
526 _aP163
526 _aP162
526 _aP161
526 _aP160
526 _aP148
526 _aP147
526 _aP146
526 _aP145
526 _aP144
526 _aP143
526 _aP142
526 _aP141
526 _aP140
526 _aP139
526 _aP138
526 _aP137
526 _aP136
526 _aP135
526 _aP134
526 _aP133
526 _aP129
526 _aP128
526 _aP127
526 _aP120
526 _aP119
526 _aP118
526 _aP116
526 _aP115
526 _aP114
526 _aP110
526 _aP109
526 _aP108
526 _aP104
526 _aP103
526 _aP102
526 _aP99
526 _aP98
526 _aP97
526 _aP96
526 _aP95
526 _aP93
526 _aP90
526 _aP89
526 _aP88
526 _aP83
526 _aP82
526 _aP62
526 _aP59
526 _aP58
526 _aP57
526 _aP51
526 _aP49
526 _aP48
526 _aP47
526 _aP29
526 _aP24
526 _aP20
526 _aP19
526 _aP17
526 _aP15
526 _aP14
526 _aP12
526 _aP10
526 _aP09
526 _aP08
526 _aP07
526 _aP06
526 _aP05
526 _aP04
526 _aP01
650 0 _aPsicología del aprendizaje.
_9227
650 0 _aMétodos de enseñanza
_91584
650 0 _aPsicopedagogía.
_91885
942 _2ddc
_cBK
_n0
949 _a373.125 A26
_wDEWEY
_c1
_i59163
_lCCODEBUL1
_mBUL
_p36.00
_r0
_sY
_tBOOK
_u2015-6-25
_xEDUCACION
_0COMPRA
_o.STAFF. Colección General
980 _81
_gALBERTO SANCHEZ Responsable de Automatización
999 _c47977
_d47977